| 000 | 01010nam a22002417a 4500 | ||
|---|---|---|---|
| 003 | SEM | ||
| 005 | 20251105122633.0 | ||
| 008 | 250917s1979 ai ||||gr||||||01|||arm|d | ||
| 040 |
_aSEM _cSEM |
||
| 041 | _aarm | ||
| 080 | _a891.981-3/Ա-77 | ||
| 100 |
_aԱվագյան, Էդուարդ Սամվելի _d(1927-2010) |
||
| 245 |
_aՄի կյանքը քիչ է : _bԵրկու գրքով / _cԷ․ Ավագյան |
||
| 260 |
_aԵրևան ։ _b«Սովետական գրող» հրատ․, _c1979- |
||
| 300 |
_aԳիրք ; _c21 սմ |
||
| 505 |
_aԳիրք Ա - _tԱնհանգիստ մարդը: _r/խմբ․ Ա․ Ն․ Սարգսյան _g1979․- 471 էջ |
||
| 505 |
_aԳիրք Բ - _tԿորած արդարություն: _r/խմբ․ Շ․ Ա․ Գրիգորյան _g1980․- 433 էջ |
||
| 650 |
_aՀայ գրականություն _xվեպ |
||
| 653 | _aՍԷՄ | ||
| 700 |
_aՍարգսյան, Ա․ Ն․ _eխմբ․ _4edt. |
||
| 700 |
_aԳրիգորյան, Շ․ Ա․ _eխմբ․ _4edt. |
||
| 942 |
_2udc _cBK _n0 |
||
| 999 |
_c76962 _d76962 |
||